000 00804nam a2200217Ia 4500
999 _c40119
_d40119
001 6725
003 GE_BSU
005 20191217124848.0
008 181216s1973||||ge |||||||||||||| ||geo||
040 _cGE_BSU
041 _ageo
080 _a821.353.1-31 გ-30
100 _aგელაძე, ლევან.
_95816
245 _aდღე დღევანდელი :
_bრომანი /
_cლევან გელაძე ; რედ. გ. სანადირაძე.
264 _aბათუმი :
_bსაბჭ.აჭარა,
_c1973.
300 _a153 გვ. ;
_c22 სმ.
653 _aდღე დღევანდელი
653 _aრომანი
700 _aსანადირაძე, გ.
_eრედაქტორი
_95824
942 _cBK
_2udc